Statistics for British History A-Z Picture Quiz

Click here to take the quiz!

General Stats

  • This quiz has been taken 1,857 times
    (1,378 since last reset)
  • The average score is 17 of 26

Answer Stats

Answer% Correct
Charles Dawin
99%
Elizabeth I
99%
Oxford
97%
Margaret Thatcher
92%
Queen Victoria
92%
Manchester
91%
Guy Fawkes
89%
Horatio Nelson
89%
Gibraltar
82%
Hadrian's Wall
81%
Zimbabwe
81%
Captain James Cook
79%
Boudica
74%
Agincourt
63%
Robert the Bruce
63%
Irish Free State
61%
Richard the Lionheart
60%
Queen of Scots
50%
Unknown Warrior
50%
Christopher Wren
43%
Lord Kitchener
42%
Penny Black
36%
York
36%
Edward Jenner
35%
Xhosa War
32%
Mary Seacole
18%

Score Distribution

Percentile by Number Answered

Percent of People with Each Score

Your Score History

You have not taken this quiz since the last reset